Statistics for Taylor Swift - The Way I Loved You Lyrics

Click here to take the quiz!

General Stats

  • This quiz has been taken 76 times
    (49 since last reset)
  • The average score is 317 of 343

Answer Stats

Answer% Correct
a
100%
and
100%
And
100%
I
100%
i'm
100%
in
100%
It's
100%
it's
100%
kissing
100%
love
100%
loved
100%
rain
100%
So
100%
so
100%
that
100%
That's
100%
that's
100%
the
100%
way
100%
"You
100%
you
100%
your
100%
2
97%
act
97%
am
97%
could
97%
cursing
97%
fighting
97%
he
97%
He
97%
miss
97%
name
97%
of
97%
rollercoaster
97%
screaming
97%
to
97%
But
94%
coming
94%
fine
94%
insane
94%
is
94%
much
94%
never
94%
Never
94%
perfectly
94%
all
91%
are
91%
feel
91%
knew
91%
my
91%
not
91%
Talks
91%
beautiful
88%
car
88%
down
88%
father
88%
friends
88%
hear
88%
incredible
88%
jealous
88%
kind
88%
look
88%
rush
88%
says
88%
sensible
88%
undone
88%
were
88%
with
88%
anything
85%
at
85%
breaking
85%
Breaking
85%
business
85%
calls
85%
'Cause
85%
charming
85%
comfortable
85%
for
85%
into
85%
Just
85%
like
85%
me
85%
mother
85%
respects
85%
see
85%
single
85%
tonight"
85%
up
85%
when
85%
ask
82%
better
82%
can't
82%
couldn't
82%
feeling
82%
get
82%
heart's
82%
He's
82%
his
82%
makes
82%
space
82%
wait
82%
will
82%
door
79%
everything
79%
faking
79%
need
79%
smile
79%
You're
79%
close
76%
endearing
76%
exactly
76%
opens
76%
acted
73%
complicated
73%
crazy
73%
Intoxicating
73%
Oh
73%
oh
73%
wild
73%
by
67%
Got
67%
mistake
64%
away
61%
now
58%
some
55%
woah
42%
frusterating
33%

Score Distribution

Percentile by Number Answered

Percent of People with Each Score

Your Score History

You have not taken this quiz since the last reset